Le drac (Record no. 164654)

MARC details
000 -LEADER
campo de control de longitud fija 00763nam a22001935i 4500
001 - NÚMERO DE CONTROL
campo de control 164654
003 - IDENTIFICADOR DE NÚMERO DE CONTROL
campo de control ES-MaACL
005 - FECHA Y HORA DE LA ÚLTIMA TRANSACCIÓN
campo de control 20230906212957.0
008 - DATOS DE LONGITUD FIJA--INFORMACIÓN GENERAL
campo de control de longitud fija 050804s1865 fr | |||||||| ||fre d
040 ## - FUENTE DE CATALOGACIÓN
Centro catalogador/agencia de origen CAM
Lengua de catalogación spa
Centro/agencia transcriptor CAM
100 1# - ENTRADA PRINCIPAL--NOMBRE DE PERSONA
Nombre de persona Sand, George,
Fechas asociadas al nombre 1804-1876
9 (RLIN) 103060
245 13 - MENCIÓN DEL TÍTULO
Título Le drac
Resto del título : drame fantastique en trois actes /
Mención de responsabilidad, etc. par George Sand et Paul Meurice.
260 ## - PUBLICACIÓN, DISTRIBUCIÓN, ETC.
Lugar de publicación, distribución, etc. Paris :
Nombre del editor, distribuidor, etc. Michel Lévy frères libraires éditeurs,
Fecha de publicación, distribución, etc. 1865 (
Fabricante J. Claye imprimeur)
300 ## - DESCRIPCIÓN FÍSICA
Extensión 72 p. ;
Dimensiones 18 cm.
500 ## - NOTA GENERAL
Nota general Représenté pour la premieère fois, à Paris, sur le théatre du Vaudeville, le 28 septembre 1864.
700 1# - ENTRADA AGREGADA--NOMBRE PERSONAL
Nombre de persona Meurice, Paul.
9 (RLIN) 129884
852 ## - LOCALIZACIÓN
Ubicación ES-MaACL
Número de control de estantería T-725-F-2
Nota libre -- Enc. hol. conservando la cub. original
Holdings
Estatus retirado Estado de pérdida Estado de daño No para préstamo Colección Biblioteca de origen Biblioteca actual Ubicación en estantería Fecha de adquisición Total de préstamos Signatura topográfica completa Código de barras Visto por última vez Precio de reemplazo Tipo de ítem Koha
        Colección de folletos Biblioteca del Ateneo de Madrid Biblioteca del Ateneo de Madrid Depósito folletos 17/01/2008   T-725-F-2 1172602 23/02/2023 23/02/2023 Folleto